[Event "FRA-ch U12"]
[Site "Montbeliard"]
[Date "2014.04.25"]
[Round "7"]
[White "Coulet, Arthur"]
[Black "Lomandong, Marc Antoine"]
[Result "0-1"]
[WhiteElo "1643"]
[BlackElo "1747"]
[PlyCount "81"]
[EventDate "2014.04.21"]
[EventType "swiss"]
[EventRounds "9"]
[EventCountry "FRA"]
[SourceTitle "CBM 160 Extra"]
[Source "ChessBase"]
[SourceDate "2014.07.01"]
[SourceVersion "1"]
[SourceVersionDate "2014.07.01"]
[SourceQuality "1"]

1. c4 Nf6 2. Nc3 c5 3. e4 Nc6 4. Nf3 d6 5. d4 cxd4 6. Nxd4 Bd7 7. Be2 g6 8. Be3 Bg7 9. 0-0 0-0 10. Rb1 Rc8 11. f3 Ne5 12. b3 a6 13. Qd2 Bc6 14. Rbd1 Qc7 15. Rc1 Qd7 16. Rfd1 Rfd8 17. h3 Qe8 18. Nc2 Ned7 19. Nb4 Nc5 20. Nbd5 Bxd5 21. cxd5 Qd7 22. Bxc5 Rxc5 23. Na4 Rxc1 24. Rxc1 Rc8 25. Nb6 Rxc1+ 26. Qxc1 Qd8 27. Qc8 Qxc8 28. Nxc8 Kf8 29. Nb6 Nxe4 30. fxe4 Bd4+ 31. Kf1 Bxb6 32. g4 Kg7 33. Kg2 g5 34. a4 a5 35. Bb5 Bc5 36. Kf3 b6 37. Bd7 h6 38. Ke2 Kf6 39. Kd3 Ke5 40. Bf5 f6 41. Bg6 0-1

[Event "Montigny le Bretonneux Noel op 15th"]
[Site "Montigny le Bretonneux"]
[Date "2012.12.30"]
[Round "6"]
[White "Coulet, Arthur"]
[Black "Krestinine, Nikita"]
[Result "1-0"]
[WhiteElo "1601"]
[BlackElo "1465"]
[PlyCount "105"]
[EventDate "2012.12.26"]
[EventType "swiss"]
[EventRounds "7"]
[EventCountry "FRA"]
[SourceTitle "CBM 152 Extra"]
[Source "ChessBase"]
[SourceDate "2013.02.25"]
[SourceVersion "1"]
[SourceVersionDate "2013.02.25"]
[SourceQuality "1"]

1. d4 Nf6 2. c4 e6 3. Nc3 d5 4. Nf3 dxc4 5. e4 a6 6. Bg5 Be7 7. Bxc4 b5 8. Bd3 Bb7 9. Qc2 h6 10. Be3 Nbd7 11. Rd1 c5 12. dxc5 Nxc5 13. Bxc5 Bxc5 14. Bxb5+ axb5 15. Rxd8+ Rxd8 16. e5 Ng4 17. h3 Nxf2 18. Rf1 Bxf3 19. gxf3 Nxh3 20. f4 Be3 21. Qh2 Nxf4 22. Rxf4 Bxf4 23. Qxf4 0-0 24. Ne4 Rd4 25. Nf6+ gxf6 26. Qxd4 f5 27. Qb6 Ra8 28. a3 Ra4 29. Qxb5 Re4+ 30. Kd2 f4 31. Qe8+ Kg7 32. Qb5 f3 33. Qf1 Rf4 34. Qf2 h5 35. Qg3+ Rg4 36. Qxf3 Rd4+ 37. Ke3 Rc4 38. Qf6+ Kg8 39. Qg5+ Kf8 40. Qxh5 Rc1 41. Qh4 Rc2 42. Qb4+ Kg7 43. a4 Rc1 44. a5 Rh1 45. a6 Rh3+ 46. Kf2 Rh5 47. a7 Rxe5 48. a8Q Rf5+ 49. Kg3 Rg5+ 50. Kh4 Rg1 51. Qaf8+ Kf6 52. Qf4+ Kg6 53. Q8h6# 1-0

[Event "Montigny le Bretonneux Noel op 15th"]
[Site "Montigny le Bretonneux"]
[Date "2012.12.27"]
[Round "3"]
[White "Coulet, Arthur"]
[Black "Baron, Anthony"]
[Result "0-1"]
[WhiteElo "1601"]
[BlackElo "1814"]
[PlyCount "80"]
[EventDate "2012.12.26"]
[EventType "swiss"]
[EventRounds "7"]
[EventCountry "FRA"]
[SourceTitle "CBM 152 Extra"]
[Source "ChessBase"]
[SourceDate "2013.02.25"]
[SourceVersion "1"]
[SourceVersionDate "2013.02.25"]
[SourceQuality "1"]

1. d4 Nf6 2. c4 e6 3. Nc3 Bb4 4. Bg5 h6 5. Bh4 g5 6. Bg3 d5 7. Nf3 Ne4 8. Rc1 c5 9. dxc5 Nxc3 10. bxc3 Bxc5 11. e3 Nc6 12. Be2 0-0 13. Qc2 Qf6 14. cxd5 exd5 15. Rd1 Be6 16. h4 g4 17. Nd4 h5 18. Bf4 Nxd4 19. cxd4 Bb4+ 20. Kf1 Rfc8 21. Qb2 Qe7 22. f3 f5 23. Kf2 b6 24. Qb1 Bd6 25. Bg5 Qf7 26. Bd3 Kg7 27. Rc1 f4 28. e4 dxe4 29. Bxe4 g3+ 30. Kf1 Rxc1+ 31. Qxc1 Bc4+ 32. Ke1 Rc8 33. a3 Qf8 34. d5 Bxa3 35. Qa1+ Kg8 36. Qe5 Qb4+ 37. Kd1 Bb3+ 38. Ke2 Qb5+ 39. Bd3 Rc2+ 40. Ke1 Bb4+ 0-1

[Event "FRA-chT U20 16 GP Basse 1011"]
[Site "France"]
[Date "2011.06.13"]
[Round "11"]
[White "Ea, Thibault"]
[Black "Coulet, Arthur"]
[Result "1-0"]
[WhiteElo "1510"]
[BlackElo "1450"]
[PlyCount "77"]
[EventDate "2010.06.20"]
[EventType "team-tourn"]
[EventRounds "11"]
[EventCountry "FRA"]
[SourceTitle "EXT 2015"]
[Source "ChessBase"]
[SourceDate "2014.11.20"]
[SourceVersion "1"]
[SourceVersionDate "2014.11.20"]
[SourceQuality "1"]
[WhiteTeam "Potemkine (U20)"]
[BlackTeam "Paris AECE (U20)"]
[WhiteTeamCountry "FRA"]
[BlackTeamCountry "FRA"]

1. e4 e6 2. d4 d5 3. e5 c5 4. c3 Nc6 5. Nf3 Qb6 6. a3 f6 7. b4 cxd4 8. cxd4 fxe5 9. dxe5 Nge7 10. Nbd2 Ng6 11. Bb2 Qc7 12. Rc1 Qb8 13. Qe2 Be7 14. Qe3 0-0 15. Bb5 Bd7 16. Bxc6 bxc6 17. 0-0 c5 18. Rb1 c4 19. Bc3 Qb6 20. Bd4 Qc7 21. Rfc1 Bb5 22. Nb3 Nh4 23. Nxh4 Bxh4 24. Qh3 Bxf2+ 25. Kh1 Bd7 26. Bxf2 Qxe5 27. Bg3 Qf6 28. Nc5 Bc8 29. Bh4 e5 30. Bxf6 Bxh3 31. Bxe5 Bf5 32. Rb2 Bg6 33. h3 Rfd8 34. Rd2 Bh5 35. Bc7 Rdc8 36. Na6 Bf7 37. Ba5 Re8 38. Nc7 Re3 39. Nxa8 1-0

[Event "FRA-chT U20 16 GP Basse 1011"]
[Site "France"]
[Date "2011.06.12"]
[Round "8"]
[White "Barbotte, Leo"]
[Black "Coulet, Arthur"]
[Result "0-1"]
[WhiteElo "1390"]
[BlackElo "1450"]
[PlyCount "60"]
[EventDate "2010.06.20"]
[EventType "team-tourn"]
[EventRounds "11"]
[EventCountry "FRA"]
[SourceTitle "EXT 2015"]
[Source "ChessBase"]
[SourceDate "2014.11.20"]
[SourceVersion "1"]
[SourceVersionDate "2014.11.20"]
[SourceQuality "1"]
[WhiteTeam "Niort (U20)"]
[BlackTeam "Paris AECE (U20)"]
[WhiteTeamCountry "FRA"]
[BlackTeamCountry "FRA"]

1. d4 Nf6 2. e3 g6 3. Bd3 Bg7 4. f4 d6 5. Nf3 Bg4 6. 0-0 0-0 7. Qe1 c5 8. c3 Nc6 9. a3 a5 10. Qh4 Bxf3 11. Rxf3 e5 12. dxe5 dxe5 13. Bb5 Qd5 14. Bxc6 bxc6 15. fxe5 Qxe5 16. Nd2 h5 17. Nc4 Qe6 18. Nb6 Rad8 19. Na4 Qd5 20. Rf1 g5 21. Qe1 Qc4 22. b3 Qxb3 23. Nxc5 Qc4 24. Nb7 Rd5 25. Rb1 h4 26. Rf2 Ne4 27. Rc2 Qd3 28. Rbb2 Bxc3 29. Rxc3 Qxc3 30. Qxc3 Rd1+ 0-1

[Event "FRA-chT U20 16 GP Basse 1011"]
[Site "France"]
[Date "2011.06.12"]
[Round "10"]
[White "Pham, Arthur"]
[Black "Coulet, Arthur"]
[Result "1-0"]
[WhiteElo "1530"]
[BlackElo "1450"]
[PlyCount "71"]
[EventDate "2010.06.20"]
[EventType "team-tourn"]
[EventRounds "11"]
[EventCountry "FRA"]
[SourceTitle "EXT 2015"]
[Source "ChessBase"]
[SourceDate "2014.11.20"]
[SourceVersion "1"]
[SourceVersionDate "2014.11.20"]
[SourceQuality "1"]
[WhiteTeam "Bois Colombes (U20)"]
[BlackTeam "Paris AECE (U20)"]
[WhiteTeamCountry "FRA"]
[BlackTeamCountry "FRA"]

1. e4 e6 2. d4 d5 3. e5 c5 4. c3 Nc6 5. Bb5 Qb6 6. Bxc6+ bxc6 7. Nf3 f6 8. Bd2 cxd4 9. cxd4 fxe5 10. Nxe5 Qxb2 11. Bc3 Qb6 12. Qh5+ g6 13. Nxg6 Nf6 14. Qe5 hxg6 15. Qxf6 Rg8 16. 0-0 Be7 17. Qe5 c5 18. Nd2 Bd6 19. Qe3 Rh8 20. h3 Qc7 21. dxc5 Bxc5 22. Qd3 Rg8 23. Nb3 Bd6 24. Rac1 Qf7 25. Rfe1 Bb7 26. Qb5+ Kf8 27. Re3 Bf4 28. Rf3 d4 29. Bb4+ Kg7 30. Rxf4 Qxf4 31. Qxb7+ Kh8 32. Rc7 Qh4 33. Be7 Qh5 34. Bf6+ Rg7 35. Rxg7 Rg8 36. Rh7# 1-0

[Event "FRA-chTA U20 1011"]
[Site "France"]
[Date "2010.12.19"]
[Round "4.7"]
[White "Barbe Asensio, Cyrielle"]
[Black "Coulet, Arthur"]
[Result "1-0"]
[WhiteElo "1390"]
[BlackElo "1325"]
[PlyCount "97"]
[EventDate "2010.11.21"]
[EventType "team-tourn"]
[EventRounds "7"]
[EventCountry "FRA"]
[SourceTitle "EXT 2012"]
[Source "ChessBase"]
[SourceDate "2011.11.24"]
[SourceVersion "1"]
[SourceVersionDate "2011.11.24"]
[SourceQuality "1"]
[WhiteTeam "Montpellier"]
[BlackTeam "AECE"]
[WhiteTeamCountry "FRA"]
[BlackTeamCountry "FRA"]

1. b3 d5 2. Bb2 Nc6 3. e3 e5 4. Bb5 Bd6 5. Ne2 Nf6 6. 0-0 0-0 7. d3 a6 8. Bxc6 bxc6 9. c4 Be6 10. Nd2 Qd7 11. Rc1 dxc4 12. Nxc4 Be7 13. Nxe5 Qe8 14. Nxc6 Bd6 15. Ne5 Bd5 16. d4 Rd8 17. Nf4 Ba8 18. Re1 Bxe5 19. Qd3 Qb5 20. Qxb5 axb5 21. dxe5 Rd2 22. Bc3 Ne4 23. Bxd2 Nxd2 24. f3 b4 25. Red1 Rd8 26. Kf2 Bb7 27. Ke1 Nxf3+ 28. gxf3 Rxd1+ 29. Rxd1 h6 30. Rd7 Bxf3 31. Rxc7 g5 32. Kf2 Be4 33. Ng2 Bb1 34. Rb7 Bxa2 35. Rxb4 Kg7 36. Rb7 h5 37. e6 Kf8 38. exf7 Bb1 39. b4 Bg6 40. b5 Bd3 41. b6 Be4 42. Rc7 h4 43. b7 Bxb7 44. Rxb7 h3 45. Ne1 Kg7 46. f8Q+ Kxf8 47. Kg3 Ke8 48. Kxh3 Kd8 49. Kg4 1-0

[Event "FRA-chTA U20 1011"]
[Site "France"]
[Date "2010.12.19"]
[Round "5.7"]
[White "Coulet, Arthur"]
[Black "Mautin, Arthur"]
[Result "1-0"]
[WhiteElo "1325"]
[BlackElo "1430"]
[PlyCount "90"]
[EventDate "2010.11.21"]
[EventType "team-tourn"]
[EventRounds "7"]
[EventCountry "FRA"]
[SourceTitle "EXT 2012"]
[Source "ChessBase"]
[SourceDate "2011.11.24"]
[SourceVersion "1"]
[SourceVersionDate "2011.11.24"]
[SourceQuality "1"]
[WhiteTeam "AECE"]
[BlackTeam "Cannes"]
[WhiteTeamCountry "FRA"]
[BlackTeamCountry "FRA"]

1. d4 d5 2. c4 c6 3. Nc3 dxc4 4. e4 b5 5. a3 a6 6. Nf3 Nd7 7. Be2 Bb7 8. 0-0 Ngf6 9. Bg5 e6 10. e5 h6 11. Bh4 g5 12. Nxg5 hxg5 13. Bxg5 Be7 14. exf6 Nxf6 15. Qd2 Qc7 16. Bf4 Bd6 17. Bg3 0-0-0 18. Qc2 Rdg8 19. b3 Nd5 20. Ne4 Bxg3 21. Nxg3 cxb3 22. Qxb3 Rh4 23. Rfd1 Rgh8 24. h3 Nb6 25. Rac1 Kb8 26. Bf3 Rd8 27. Ne4 f5 28. Nc5 Rhxd4 29. Rxd4 Rxd4 30. Bxc6 Rc4 31. Rxc4 bxc4 32. Qxb6 Qxc6 33. Nxa6+ Ka8 34. Qxc6 Bxc6 35. Nb4 c3 36. h4 Be8 37. f3 Bh5 38. Kh2 Kb7 39. Kh3 Kb6 40. g4 fxg4+ 41. fxg4 Bf7 42. h5 Ka5 43. Kh4 Ka4 44. g5 Kxa3 45. Nc2+ Kb2 1-0

[Event "FRA-chTA U20 1011"]
[Site "France"]
[Date "2010.11.21"]
[Round "3.7"]
[White "Coulet, Arthur"]
[Black "Le, Quan Anh"]
[Result "1-0"]
[WhiteElo "1325"]
[BlackElo "1420"]
[PlyCount "159"]
[EventDate "2010.11.21"]
[EventType "team-tourn"]
[EventRounds "7"]
[EventCountry "FRA"]
[SourceTitle "EXT 2012"]
[Source "ChessBase"]
[SourceDate "2011.11.24"]
[SourceVersion "1"]
[SourceVersionDate "2011.11.24"]
[SourceQuality "1"]
[WhiteTeam "AECE"]
[BlackTeam "Creteil"]
[WhiteTeamCountry "FRA"]
[BlackTeamCountry "FRA"]

1. d4 d5 2. c4 e6 3. Nc3 Nf6 4. cxd5 exd5 5. Bg5 Nbd7 6. e3 Be7 7. Bd3 0-0 8. Nf3 Re8 9. 0-0 Nf8 10. Qc2 Ng6 11. Rfe1 Ne4 12. Bxe7 Rxe7 13. Nxe4 dxe4 14. Bxe4 Qe8 15. Bd5 c6 16. Bb3 Be6 17. Bxe6 Rxe6 18. Rad1 Rd8 19. Qa4 a6 20. Qb3 Rd7 21. Ng5 Ree7 22. e4 h6 23. Nf3 Rxe4 24. a3 Rxe1+ 25. Rxe1 Re7 26. Rd1 Nh4 27. Ne5 Kh8 28. h3 f6 29. Nd3 Qg6 30. Nf4 Qe4 31. g3 Nf3+ 32. Kf1 Kh7 33. Qd3 Qxd3+ 34. Rxd3 Ng5 35. a4 b5 36. axb5 axb5 37. b4 Ne6 38. Re3 Nxf4 39. Rxe7 Nxh3 40. Rc7 Ng5 41. Rxc6 Nf3 42. Rb6 Nxd4 43. f4 Kg6 44. Kf2 Kf5 45. Ke3 Nc2+ 46. Kf3 Nd4+ 47. Ke3 Nc2+ 48. Kf2 Nd4 49. Ke1 Ke4 50. Kd2 Nf5 51. Rxb5 Nxg3 52. Rb8 Kxf4 53. b5 Ne4+ 54. Kc2 g5 55. b6 Nd6 56. Rc8 g4 57. Rd8 Nb7 58. Rd7 Nc5 59. Rc7 Na6 60. b7 g3 61. Rc6 Nb8 62. Rxf6+ Kg4 63. Rf8 Na6 64. Rg8+ Kh3 65. Rg6 Nb8 66. Rxh6+ Kg4 67. Rh8 Nd7 68. Rg8+ Kf4 69. Rd8 g2 70. Rxd7 g1Q 71. b8Q+ Ke4 72. Qe8+ Kf3 73. Rf7+ Kg2 74. Qg8+ Kh1 75. Rh7+ Qh2+ 76. Rxh2+ Kxh2 77. Kd3 Kh3 78. Ke4 Kh2 79. Kf3 Kh1 80. Qg2# 1-0

[Event "FRA-chTA U20 1011"]
[Site "France"]
[Date "2010.11.21"]
[Round "1.9"]
[White "Ruble, Louis"]
[Black "Coulet, Arthur"]
[Result "1/2-1/2"]
[WhiteElo "1009"]
[BlackElo "1325"]
[PlyCount "84"]
[EventDate "2010.11.21"]
[EventType "team-tourn"]
[EventRounds "7"]
[EventCountry "FRA"]
[SourceTitle "EXT 2012"]
[Source "ChessBase"]
[SourceDate "2011.11.24"]
[SourceVersion "1"]
[SourceVersionDate "2011.11.24"]
[SourceQuality "1"]
[WhiteTeam "Saint Mande"]
[BlackTeam "AECE"]
[WhiteTeamCountry "FRA"]
[BlackTeamCountry "FRA"]

1. d4 Nf6 2. Bf4 g6 3. Nc3 Bg7 4. e3 d6 5. Bc4 0-0 6. Qd2 c5 7. 0-0-0 a6 8. dxc5 Qa5 9. cxd6 Qb4 10. dxe7 Re8 11. Bb3 Nc6 12. Nd5 Nxd5 13. Qxd5 Be6 14. Qd6 Qb6 15. c3 Bxb3 16. axb3 Qxb3 17. Qa3 Qxa3 18. bxa3 Bxc3 19. Ne2 Bg7 20. Rd7 Rac8 21. Rc7 Rxc7 22. Bxc7 Rxe7 23. Bd6 Rd7 24. Bg3 b5 25. Nf4 a5 26. Rd1 Rc7 27. Ne6 Rc8 28. Nxg7 Kxg7 29. Kb1 b4 30. axb4 Nxb4 31. Be5+ Kg8 32. Rc1 Ra8 33. Bc3 Nd5 34. Ba1 a4 35. e4 Nb4 36. Rc4 Rb8 37. Be5 Re8 38. Rxb4 Rxe5 39. Rxa4 h5 40. f3 g5 41. g4 hxg4 42. fxg4 Kg7 1/2-1/2